Closure Spaces and Logic

Αποθηκεύτηκε σε:
Λεπτομέρειες βιβλιογραφικής εγγραφής
Κύριος συγγραφέας: Martin, Norman M.
Άλλοι συγγραφείς: Pollard, Stephen
Μορφή: Βιβλίο
Γλώσσα:English
Δημοσίευση: Boston : Kluwer Acad. Publrs, 1996
Σειρά:Mathematics and its applications ; ; 369
Θέματα:
Ετικέτες: Προσθήκη ετικέτας
Δεν υπάρχουν, Καταχωρήστε ετικέτα πρώτοι!

MARC

LEADER 00000nam a2200000 i 4500
001 1/7589
008 000622s1996 eng d
020 |a 0-7923-4110-4 
035 |l 10062338 
040 |a GR-MY-UA  |b gre  |e aacr 
041 0 |a eng 
082 0 |a 514.32 
100 1 |a Martin, Norman M. 
245 1 0 |a Closure Spaces and Logic /  |c Norman M. Martin 
260 |a Boston :   |b Kluwer Acad. Publrs,   |c 1996 
300 |a xvi,230 p.;  |b ill.;  |c 25 cm. 
490 1 |a Mathematics and its applications  |v ; 369 
504 |a bibliographical references (p.225-226) and index 
650 0 0 |a Closure spaces. 
650 0 0 |a Logic, Symbolic and mathematical. 
700 1 |a Pollard, Stephen. 
830 0 |a Mathematics and its applications ;  |v ; 369 
852 |a INST  |b SAMOS  |e 20000622  |h 514.32 MAR  |p 005300024435  |q 005300024435  |t BK  |y 0 
901 |a BIBL3-2000-2 
909 |a Σ  |b 080240 
922 |a 3ΕΛΗ  |b 200004  |c ΚΠΣ  |d ΠΑΠΑΣΩΤΗΡΙΟΥ 
950 |a 116-1999-12-22 
970 |a ΜΑΛΑΓΑΡΗ  |b ΦΩΤΕΙΝΗ  |z 2000/07/17